Statistics for Teen girls magazines UK & US

Click here to take the quiz!

General Stats

  • This quiz has been taken 9 times
  • The average score is 4 of 13

Answer Stats

Answer% Correct
Tiger Beat
63%
M
50%
Seventeen
50%
J-14
38%
Teen Vogue
38%
Bliss
25%
Bop
25%
Popstar!
25%
Shout
25%
Twist
25%
Teen Now
13%
Top of the pops
13%
We Love Pop
13%

Score Distribution

Percentile by Number Answered

Percent of People with Each Score

Your Score History

You have not taken this quiz